000 00576nam a2200205Ia 4500
008 131103s9999 xx 000 0 und d
020 _cRs.3.75
040 _aLoreto College
041 _aEnglish
082 _a823.91/JAM
_b#NAME?
100 _aDupee, F.W.
245 _aHenry James
_cF.W.Dupee
260 _aNew Delhi
_bChoudhary bros
_c1968
300 _a300p.
_c 20cm.
504 _aIncludes bibliographical references and index
650 _aJames, Henry - ciriticism
651 _aEnglish fiction - ciriticism
850 _aLCLIB/823.91/JAM - DUP
942 _cBK
999 _c22497
_d72976